000 00281nam a2200121Ia 4500
008 191201s2014 xx 000 0 und d
100 _aCHAKRABORTY, Swapan Kumar
245 0 _aDiscrete Mathematics
260 _bOxford
_c2014
300 _a567
650 _aMCA
942 _2ddc
_cBK
_03
999 _c6817
_d6817